Revista Derecho Público I - 3 : CIADI y TBIs - Reforma constitucional - Constituciones latinoamericanas - Juicios de lesa humanidad - Servicios públicos - Debates sobre control de constitucionalidad /

Guardado en:
Formato: Libro
Idioma:Spanish
Publicado: Buenos Aires : Ministerio de Justicia y Derechos Humanos de la Nación, Sistema Argentino de Información Jurídica 2012 :
Etiquetas: Agregar Etiqueta
Sin Etiquetas, Sea el primero en etiquetar este registro!
LEADER 00755nam a22001575a 4500
001 DER.der012280
008 180615s2012####|||||||||||||||||#||spa||
005 20230621125040.0
245 1 0 |a Revista Derecho Público I - 3 :  |b CIADI y TBIs - Reforma constitucional - Constituciones latinoamericanas - Juicios de lesa humanidad - Servicios públicos - Debates sobre control de constitucionalidad /  |c Barcesat, Eduardo S. 
260 |a Buenos Aires :  |b Ministerio de Justicia y Derechos Humanos de la Nación,  |c 2012 :  |b Sistema Argentino de Información Jurídica 
300 |a 318 p. 
020 |a 2250-7566 
700 1 |a Barcesat, Eduardo S.,  |e dir. 
700 1 |a Corti, Arístides Horacio M.,  |e dir. 
859 |a DERECHO  |b BIB. DERECHO  |p 007026 
859 |a DERECHO  |b BIB. DERECHO  |p 007027